000 00679nam a2200253Ia 4500
003 OSt
005 20220918163441.0
006 a|||||r|||| 00| 0
007 ta
008 220917b |||||||| |||| 00| 0 eng d
020 _a000215725X
024 _a5,242
037 _cTextual
040 _aARTS
_cARTS
_beng
041 _2eng
_aeng
082 _aU8.251.N7, N3
100 _aDalrymple William
_913228
245 0 _aCity of Djinns
_b A year in Delhi
260 _aNew Delhi
_bHarper Collins Pub
_c1993
300 _a352p
_ccm.
650 _aTRAVEL; GEOGRAPHY
_97186
942 _hU8.251.N7, N3
_cTEXL
_2CC
999 _c119678
_d119678